TF2 Scout Weapons - Statistics

General Stats
  • This quiz has been taken 25 times
    24 since last reset
  • The average score is 17 of 24
Answer Stats
Hint Answer % Correct
Melee Bat
100%
Primary Force-A-Nature
94%
Secondary Pistol
94%
Primary Scattergun
94%
Primary Backscatter
89%
Primary Shortstop
89%
Primary Soda Popper
89%
Secondary Winger
89%
Secondary Bonk! Atomic Punch
83%
Secondary Pretty Boy’s Pocket Pistol
83%
Melee Sandman
83%
Primary Baby Face’s Blaster
78%
Secondary Crit-A-Cola
78%
Secondary Mad Milk
72%
Melee Atomizer
67%
Melee Sun On A Stick
67%
Melee Wrap Assassin
67%
Melee Candy Cane
61%
Melee Boston Basher
56%
Secondary Flying Guillotine
56%
Secondary Lugermorph
56%
Secondary Capper
50%
Melee Holy Mackerel
50%
Melee Pain Train
0%
No matching quizzes found
Score Distribution
Percent of People with Each Score
Percentile by Number Answered
Your Score History
You have not taken this quiz since the last reset